| 000 | 00915nam a2200265Ia 4500 | ||
|---|---|---|---|
| 001 | 123148 | ||
| 003 | 213841 | ||
| 005 | 20241030062621.0 | ||
| 008 | ||||||n1999 ||| || || | ||
| 082 | _a339 | ||
| 100 |
_aBarreiro Pereira, Fernando _9147368 |
||
| 245 | 0 | _aMacroeconomía intermedia | |
| 260 | _c1999. | ||
| 500 | _aProporcionar un conocimiento suficiente del analisis macroeconomico, especialmente en lo referente al comportamiento de los mercados de bienes, financieros y de trabajo, asi como del comercio exterior, la inflacion y el desempleo de las fluctuaciones y el crecimiento de la produccion y en definitiva de las diversas póliticas para el control de la economia | ||
| 562 | _e1 | ||
| 650 | 0 |
_aMacroeconomía _95509 |
|
| 942 | _cBKM | ||
| 999 |
_c123148 _d123148 |
||
| 526 | _a116204 | ||
| 526 | _a4969 | ||
| 526 | _a19790 | ||
| 526 | _a104436 | ||
| 526 | _a5144 | ||
| 526 | _a51868 | ||
| 526 | _a1697 | ||